| 000 | 00697nam a2200205 a 4500 | ||
|---|---|---|---|
| 001 | 000044043 | ||
| 005 | 20201002045118.0 | ||
| 008 | 140514s1988 sp 000 0 spa d | ||
| 020 | _a8472230619 | ||
| 040 |
_aDO-SdBNP _bspa _cBNPHU |
||
| 100 | 1 |
_aBataille, Georges _d1897-1962 _972024 |
|
| 245 | 1 | 3 |
_aEl Erotismo : / _cGeorges Bataille ; traducción de Antoni Vicens. |
| 250 | _a5a. ed. | ||
| 260 |
_aBarcelona : _bTusquets, _c1988. |
||
| 300 |
_a378 p. : ; _c19 cm. |
||
| 490 | 1 |
_aMarginales ; _v61 |
|
| 500 | _aIncluye datos biográficos del autor en la solapa de la cubierta | ||
| 504 | _aIncluye referencias bibliográficas y notas al pie de las páginas | ||
| 830 | 0 |
_aMarginales _v61 _920830 |
|
| 999 |
_c43532 _d43532 |
||